| 000 | 00999nam a22003137a 4500 | ||
|---|---|---|---|
| 001 | BR2013002620 | ||
| 003 | BR-BrBNA | ||
| 005 | 20230928104153.0 | ||
| 007 | ta | ||
| 008 | 230509b bl.||||| |||| 00| 0 por d | ||
| 040 |
_aBR-BrBNA _bpor _cBiblioteca Nacional de Agricultura |
||
| 041 | _a(Por) | ||
| 072 |
_aF02 _b3520 |
||
| 090 | _ 3520 BR2013002620 | ||
| 100 | 1 | _aVentura, M.J. da S. | |
| 110 | 1 |
_aUniversidade Federal de Lavras, MG (Brasil) _0Tese (Doutorado) |
|
| 245 | 1 | _aCompensação da fertilização de base em mudas de Colubrina glandulosa Perkins e Handroanthus ochraceus (Cham.)Mattos produzidas em tubetes | |
| 260 | 3 |
_aLavras, MG (Brasil): _c2012. |
|
| 300 | _a134 p. | ||
| 500 | _aSummaries (Eng, Por); Several bibliography; 8 illus.; 14 tables | ||
| 650 | _aCOLUBRINA GLANDULOSA | ||
| 650 | _aSAGUARAGI | ||
| 650 | _aÁRVORE ANGIOSPERMA | ||
| 650 | _aMUDA | ||
| 650 | _aTUBETE | ||
| 650 | _aFERTILIZANTE | ||
| 909 |
_a202309 _bLucia _c55 _dLucia Elande |
||
| 942 | _cBK | ||
| 999 |
_c78490 _d78490 |
||